Footy Tenaball #2 - Statistics

General Stats
  • This quiz has been taken 288 times
  • The average score is 3 of 10
Answer Stats
Hint Answer % Correct
#2 Brian Brobbey
63%
#1 Simon Adingra
48%
#4 Wilfried Gnonto
32%
#6 Habib Diarra
25%
#5 Ethan Ampadu
24%
#7 Maxime Esteve
21%
#10 Chris Rigg
17%
#8 Lutsharel Geertruida
16%
#9 Sean Longstaff
9%
#3 Florentino
3%
No matching quizzes found
Score Distribution
Percent of People with Each Score
Percentile by Number Answered
Your Score History
You have not taken this quiz